000 00964nam a2200265 i 4500
001 62864
005 20180714065040.0
008 150612s2011 mx r 000 0 spa d
020 _a9786074873375
040 _aMX-PuUPA
_bspa
_erda
_cMx-PuUPA
_dMx-PuUPA
041 0 _aspa
082 0 _a330.972
_bCRI
245 0 0 _aCrisis financiera e impacto económico en México /
_ccoordinadores Eudoxio Morales Flores, Jorge Vázquez Sánchez.
250 _aPrimera edición
264 1 _aPuebla, Pue. :
_bBenemérita Universidad Autónoma de Puebla,
_c2011
300 _a191 páginas ;
_c23 cm.
336 _atexto
_2rdacontent
337 _asin mediación
_2rdamedia
338 _avolumen
_2rdacarrier
650 4 _aPolítica de gastos públicos
_zMéxico
650 4 _aNeoliberalismo
_zMéxico
650 4 _aMéxico
_xPolítica económica
_y1994
700 1 _aMorales Flores, Eudoxio,
_ecoordinador
700 1 _aVázquez Sánchez, Jorge,
_ecoordinador
999 _c62864
_d62864